[Event "Caracas Hybrid Rapid op"]
[Site "Caracas"]
[Date "2022.09.18"]
[Round "11"]
[White "Castaneda Quiames, Fabian Alejandro"]
[Black "Rodriguez Rodrigues, Daniel Isaac"]
[Result "1/2-1/2"]
[WhiteElo "1200"]
[BlackElo "1264"]
[PlyCount "80"]
[EventDate "2022.09.17"]
[EventType "swiss"]
[EventRounds "11"]
[EventCountry "VEN"]
[SourceTitle "EXT 2023"]
[Source "ChessBase"]
[SourceDate "2022.10.05"]
[SourceVersion "1"]
[SourceVersionDate "2022.10.05"]
[SourceQuality "1"]

1. c4 c5 2. Nc3 g6 3. g3 Bg7 4. Bg2 Nc6 5. e4 d6 6. d3 Nf6 7. Nge2 0-0 8. h3 a6 9. Be3 Rb8 10. a4 Nb4 11. Qd2 Bd7 12. 0-0 Qc8 13. Kh2 b5 14. axb5 axb5 15. b3 bxc4 16. bxc4 Bc6 17. Bh6 Bxh6 18. Qxh6 Nxd3 19. Rad1 Ne5 20. Nd5 Bxd5 21. cxd5 Kh8 22. f4 Ng8 23. Qh4 Nc4 24. Rf3 e6 25. f5 exd5 26. exd5 Ne5 27. Rf2 Rb4 28. Nf4 Qd8 29. Qxd8 Rxd8 30. fxg6 hxg6 31. Nd3 Nxd3 32. Rxd3 Kg7 33. g4 Nf6 34. Rdf3 Ne4 35. Rxf7+ Kg8 36. Bxe4 Rxe4 37. R7f6 Kg7 38. Rf7+ Kg8 39. R7f6 Kg7 40. Rf7+ Kg8 1/2-1/2